Most popular MLB jerseys in 2024 - Statistics

General Stats
  • This quiz has been taken 483 times
  • The average score is 17 of 20
Answer Stats
Rank Team Jersey # Answer % Correct
3 Yankees #99 Aaron Judge
100%
1 Dodgers #17 Shohei Ohtani
100%
2 Phillies #3 Bryce Harper
99%
4 Dodgers #50 Mookie Betts
96%
9 Padres #23 Fernando Tatis Jr
94%
6 Braves #13 Ronald Acuna Jr
93%
5 Mets #12 Francisco Lindor
92%
8 Astros #27 Jose Altuve
92%
7 Yankees #22 Juan Soto
91%
12 Blue Jays #27 Vladimir Guerrero Jr
86%
14 Reds #44 Elly De La Cruz
85%
18 Dodgers #5 Freddie Freeman
84%
15 Mets #20 Pete Alonso
84%
11 Rangers #5 Corey Seager
83%
16 Padres #13 Manny Machado
83%
17 Guardians #11 Jose Ramirez
80%
10 Cardinals #28 Nolan Arenado
79%
13 Phillies #7 Trea Turner
78%
19 Dodgers #22 Clayton Kershaw
66%
20 Orioles #35 Adley Rutschman
60%
No matching quizzes found
Score Distribution
Percent of People with Each Score
Percentile by Number Answered
Your Score History
You have not taken this quiz